000 00455nam a2200181Ia 4500
008 230524s9999 xx 000 0 und d
020 _a9788131505243
082 _a658.8343
_bBLA
100 _aRoger D.Blackwell
245 0 _aConsumer Behaviour
250 _aIST
260 _aNEW DELHI
_bCengage
_c2008
300 _aX;763
500 _aQuantity Number: 3
650 _aManagement
700 _a" Paul W.Miniard , James F.Engel,,,"
942 _cBK
999 _c43063
_d43063